000
00308nam a22001337a 4500
008
170216b xxu||||| |||| 00| 0 eng d
020
_a
0671249479
041
_a
eng
080
_a
61
100
_a
4
101
_a
SHM
245
_a
HOME GUIDE TO EMERGENCY MEDICAL SITUATIONS
_c
HEIMLICH, H.J
942
_2
udc
_c
BK
999
_c
5615
_d
5615